000 00636nam a2200169 a 4500
008 180917s2017 ||||||||||||||||| || u
020 _a9781107110052
050 _aB 385 Pla
100 _aGiannopoulou, Zina
245 1 0 _aPlato's symposium: a critical guide
_cEdited by Pierre Destree; Zina Giannopoulou
260 _aCambridge
_bCambridge University Press
_c2017
300 _aix, 268p.
350 _a83.23
650 _aPLATO. SYMPOSIUM
700 _aDestree, Pierre
995 _D83.23
_FCBU-MAIN LIBRARY (Kitwe)
_M1
_UAVAILABLE
_WSep 21, 2018
_ZMain Library Open Access Collection
999 _c53792
_d53792